| 000 | 01572nam0a2200373 4500 | ||
|---|---|---|---|
| 001 | RU\NLR\BIBL_A\022390139 | ||
| 005 | 20260420022102.0 | ||
| 010 |
_a978-5-85271-812-9 _92000 |
||
| 021 |
_aRU _bКН-П-24-062777 _9КН-П-24-6237 |
||
| 021 |
_aRU _bКН-П-25-077016 _9КН-П-25-7463 |
||
| 035 | _a(NLR Aleph) 022390139 | ||
| 090 |
_a13670449 _c13670449 |
||
| 100 | _a20241125d2024 u y0rusy50 ca | ||
| 101 | 0 | _arus | |
| 102 | _aRU | ||
| 105 | _aa z 000gy | ||
| 181 | 0 |
_ai3 _baxxe |
|
| 181 | 0 |
_ab2 _bxb2e |
|
| 182 | 0 | _an | |
| 200 | 1 |
_aДело о пропавших пятнах _e[и другие приключения _eдля чтения взрослыми детям] _fАнастасия Онишкова _gнарисовала Анна Куликова |
|
| 203 |
_aТекст _aИзображение _bвизуальные _cнепосредственные |
||
| 210 |
_aВолгоград _cАмоза. Дети _cАмоза _d2024 |
||
| 215 |
_a31 с. _cцв. ил. _d25 |
||
| 300 | _aЗагл. пер. и в макете: Дело о пропавших пятнах и другие приключения | ||
| 333 | _a0+ | ||
| 512 | 1 | _aДело о пропавших пятнах и другие приключения | |
| 686 | 0 | _aШ9(2)60=Р7-5 | |
| 700 | 1 |
_aОнишкова _bА. _gАнастасия |
|
| 702 | 1 |
_4440 _7ca _8rus _aКуликова _bА. _cхудожник _gАнна _9264106 _3RU\NLR\AUTH\770264162 |
|
| 942 | _cBOOK | ||
| 980 | _aNB | ||